| 000 | 01091nam a2200289 a 4500 | ||
|---|---|---|---|
| 001 | 37825 | ||
| 003 | BD-RjUL | ||
| 005 | 20211209052648.0 | ||
| 008 | 150729s19801968nyuch b 001 0deng | ||
| 035 | _a(BD-RjUL) 37930 | ||
| 040 |
_aDLC _cDLC _dBD-RjUL _beng |
||
| 041 | _aeng | ||
| 082 |
_a828.912 _bCOLL 1968 |
||
| 100 | 1 |
_aOrwell, George, _d1903-1950. _9117181 |
|
| 245 | 1 | 4 |
_aThe collected essays, journalism, and letters of George Orwell. _cEdited by Sonia Orwell and Ian Angus. |
| 250 | _a[1st ed.] | ||
| 260 |
_aNew York, _bHarcourt, Brace & World _c1968 |
||
| 300 |
_a.621p _c23 cm. |
||
| 504 | _aBibliographical footnotes. | ||
| 505 | 0 | _av. 1. An age like this, 1920-1940.--v. 2. My country right or left, 1940-1943.--v. 3. As I please, 1943-1945.--v. 4. In front of your nose, 1945-1950. | |
| 600 | 1 | 0 |
_aOrwell, George, _d1903-1950 _xCorrespondence. _9117182 |
| 650 | 0 |
_aAuthors, English _y20th century _xCorrespondence. _9117183 |
|
| 650 | 0 |
_aJournalists _zGreat Britain _xCorrespondence. _9117184 |
|
| 942 |
_2ddc _cBK |
||
| 999 |
_c37825 _d37825 |
||